Cost planning of buildings (Record no. 95874)

MARC details
000 -LEADER
fixed length control field 00459cam a2200205 4500
001 - CONTROL NUMBER
control field D3707
008 - FIXED-LENGTH DATA ELEMENTS--GENERAL INFORMATION
fixed length control field 090401t1984 xxu||||| |||| 00| 0 eng d
035 ## - SYSTEM CONTROL NUMBER
System control number (Sirsi) u74531
041 ## - LANGUAGE CODE
Language code of text/sound track or separate title eng
050 ## - LIBRARY OF CONGRESS CALL NUMBER
Classification number 658.1552
100 ## - MAIN ENTRY--PERSONAL NAME
Personal name Ferry, Douglas J
245 ## - TITLE STATEMENT
Title Cost planning of buildings
250 ## - EDITION STATEMENT
Edition statement 5th
260 ## - PUBLICATION, DISTRIBUTION, ETC.
Place of publication, distribution, etc. London
Name of publisher, distributor, etc. Granada
Date of publication, distribution, etc. 1984
300 ## - PHYSICAL DESCRIPTION
Extent 388p. 22cm
350 ## - PRICE (NR) (BK AM CF MU VM SE) [OBSOLETE]
Price 0
700 ## - ADDED ENTRY--PERSONAL NAME
Personal name Brandon, Peter S
942 ## - ADDED ENTRY ELEMENTS (KOHA)
Suppress in OPAC 0
948 ## - LOCAL PROCESSING INFORMATION (OCLC); SERIES PART DESIGNATOR (RLIN)
c (OCLC) 04/03/1997
Holdings
Withdrawn status Lost status Source of classification or shelving scheme Damaged status Not for loan Home library Current library Shelving location Date acquired Total Checkouts Full call number Barcode Date last seen Date last checked out Copy number Price effective from Koha item type
    Dewey Decimal Classification     London London Basement 14/09/1999 2 SHELF 311 30008504 06/08/2019 15/11/1999 1 06/08/2019 Book